[Event "IECC CL5-2016.04 email"]
[Site "IECC email"]
[Date "2016.10.14"]
[Round "?"]
[White "Hargreaves, Richard"]
[Black "Geib, Steven"]
[Result "1/2-1/2"]
[WhiteElo "1557"]
[BlackElo "1550"]
[PlyCount "64"]
[EventDate "2016.??.??"]
[EventType "tourn (corr)"]
[EventRounds "4"]
[SourceTitle "Corr 2020"]
[Source "ChessBase"]
[SourceDate "2019.09.30"]
[SourceVersion "1"]
[SourceVersionDate "2019.09.30"]
[SourceQuality "1"]
[WhiteTeam "England"]
[BlackTeam "United States"]
[WhiteTeamCountry "ENG"]
[BlackTeamCountry "USA"]

1. g3 d5 2. Nf3 Nf6 3. Bg2 Nc6 4. d4 e6 5. 0-0 Be7 6. Ne5 Nxe5 7. dxe5 Nd7 8. f4 0-0 9. e3 b6 10. Nc3 c6 11. Re1 Ba6 12. Bd2 Nc5 13. b4 Nd7 14. a3 f5 15. Ne2 c5 16. g4 g6 17. g5 Bc4 18. Bc3 Qc7 19. h3 a5 20. bxa5 bxa5 21. Qd2 a4 22. Rab1 Rab8 23. Bf3 Rxb1 24. Rxb1 Rb8 25. Rxb8+ Qxb8 26. Qe1 h6 27. h4 h5 28. Ng3 Bf8 29. Ne2 Bg7 30. Nc1 Qb5 31. Ne2 Qb7 32. Nc1 Nb6 1/2-1/2

[Event "IECC M1-2016.T042"]
[Site "IECC email"]
[Date "2016.10.02"]
[Round "?"]
[White "Domingues, Marcos"]
[Black "Geib, Steven"]
[Result "1-0"]
[WhiteElo "1961"]
[BlackElo "1507"]
[PlyCount "127"]
[EventDate "2016.??.??"]
[EventType "match (corr)"]
[EventRounds "2"]
[SourceTitle "Corr 2020"]
[Source "ChessBase"]
[SourceDate "2019.09.30"]
[SourceVersion "1"]
[SourceVersionDate "2019.09.30"]
[SourceQuality "1"]
[WhiteTeam "Brazil"]
[BlackTeam "United States"]
[WhiteTeamCountry "BRA"]
[BlackTeamCountry "USA"]

1. c4 e5 2. g3 Nc6 3. Bg2 Nf6 4. Nc3 g6 5. e4 d6 6. Nge2 Bg7 7. 0-0 0-0 8. d3 Bg4 9. Bg5 Nb4 10. Qd2 Re8 11. f3 Bd7 12. a3 Na6 13. b4 c6 14. d4 exd4 15. Nxd4 Qb6 16. Be3 c5 17. Ndb5 Bxb5 18. cxb5 Nc7 19. a4 Ne6 20. bxc5 dxc5 21. e5 Rad8 22. Qf2 Nd5 23. a5 Qc7 24. Nxd5 Rxd5 25. f4 Rd3 26. Rfc1 b6 27. Bf1 Rd7 28. axb6 axb6 29. Ra6 Rc8 30. Qg2 Nd4 31. Bc4 Nf5 32. Bf2 Rd2 33. Qc6 Qxc6 34. bxc6 Rxc6 35. Ra7 Nh6 36. h3 Rd8 37. g4 Kh8 38. Rb7 Bf8 39. Bh4 Ra8 40. Bf6+ Bg7 41. Bxg7+ Kxg7 42. g5 Nf5 43. Rxf7+ Kh8 44. Bd5 Rcc8 45. Bxa8 Rxa8 46. Rb7 Nd4 47. Kf2 Ra2+ 48. Ke3 Ra3+ 49. Ke4 Ra4 50. Kd5 Ne2 51. Re1 Nxf4+ 52. Kc6 Ne6 53. Kd6 Nxg5 54. e6 Rd4+ 55. Kc7 Nxe6+ 56. Rxe6 Kg8 57. Re7 Rf4 58. Kxb6 Rb4+ 59. Kxc5 Rxb7 60. Rxb7 g5 61. Kd6 h5 62. Ke6 g4 63. hxg4 hxg4 64. Kf6 1-0

[Event "IECC CL5-2015.05 email"]
[Site "IECC email"]
[Date "2015.10.13"]
[Round "?"]
[White "Geib, Steven"]
[Black "Mathes, Christian"]
[Result "0-1"]
[WhiteElo "1520"]
[BlackElo "1639"]
[PlyCount "100"]
[EventDate "2015.??.??"]
[EventType "tourn (corr)"]
[EventRounds "4"]
[SourceTitle "Corr 2020"]
[Source "ChessBase"]
[SourceDate "2019.09.30"]
[SourceVersion "1"]
[SourceVersionDate "2019.09.30"]
[SourceQuality "1"]
[WhiteTeam "United States"]
[BlackTeam "Germany"]
[WhiteTeamCountry "USA"]
[BlackTeamCountry "GER"]

1. e4 e6 2. Nf3 d5 3. Nc3 Nf6 4. e5 Nfd7 5. d4 c5 6. Bg5 Qb6 7. Bb5 a6 8. Bxd7+ Bxd7 9. 0-0 Qxb2 10. Ne2 Ba4 11. Rb1 Qxc2 12. Qxc2 Bxc2 13. Rxb7 Bd3 14. Re1 h6 15. Bd2 c4 16. Nf4 Be4 17. Re3 Nc6 18. Rc7 Nb4 19. Bxb4 Bxb4 20. Rb7 Ba5 21. Ra3 Bd8 22. Nd2 Bh7 23. h3 0-0 24. Nf3 Re8 25. Ne2 Be7 26. Ra5 Bd3 27. Nc3 Rab8 28. Rxb8 Rxb8 29. Rxa6 Bb4 30. Nd1 Be2 31. Ne3 Bc3 32. a4 Bxf3 33. gxf3 Bxd4 34. f4 Rc8 35. Nc2 Bc5 36. Ra5 d4 37. Rxc5 Rxc5 38. Nxd4 c3 39. Nc2 Rd5 40. Kg2 Rd2 41. Ne1 c2 42. Nxc2 Rxc2 43. h4 Ra2 44. h5 Rxa4 45. Kg3 Kh7 46. f3 g6 47. f5 exf5 48. hxg6+ Kxg6 49. Kh3 Rd4 50. Kg2 Kg5 0-1

[Event "IECC Swiss-562.3"]
[Site "IECC email"]
[Date "2013.05.06"]
[Round "?"]
[White "Garau, Bernard"]
[Black "Geib, Steven"]
[Result "1-0"]
[WhiteElo "1778"]
[BlackElo "1547"]
[PlyCount "61"]
[EventDate "2013.??.??"]
[EventType "swiss (corr)"]
[EventRounds "1"]
[SourceTitle "Telechess CBM 165"]
[Source "ChessBase"]
[SourceDate "2015.03.11"]
[SourceVersion "1"]
[SourceVersionDate "2015.03.11"]
[SourceQuality "1"]
[WhiteTeam "France"]
[BlackTeam "US of America"]
[WhiteTeamCountry "FRA"]
[BlackTeamCountry "USA"]

1. d4 d5 2. c4 Bf5 3. cxd5 Nf6 4. Nf3 Nxd5 5. Qb3 Nc6 6. Nbd2 Nb6 7. e4 Bd7 8. d5 Nb8 9. Bc4 Ba4 10. Qc3 Nxc4 11. Nxc4 c6 12. b3 Bb5 13. Ba3 cxd5 14. Rd1 Bxc4 15. bxc4 e6 16. Bxf8 Kxf8 17. cxd5 exd5 18. 0-0 Na6 19. Rxd5 Qc7 20. Qd2 Nc5 21. Rc1 b6 22. Ng5 Re8 23. Rcxc5 bxc5 24. Rd7 Rb8 25. g4 Qe5 26. Rxf7+ Kg8 27. Rd7 Kf8 28. Rxa7 Re8 29. Qd7 Qe7 30. Qf5+ Kg8 31. Rxe7 1-0

[Event "P-4761"]
[Site "IECC email"]
[Date "2012.05.31"]
[Round "?"]
[White "Geib, Steven"]
[Black "Lorenzo, Alfredo"]
[Result "0-1"]
[WhiteElo "1514"]
[BlackElo "1881"]
[PlyCount "82"]
[EventDate "2012.??.??"]
[EventType "tourn (corr)"]
[SourceTitle "Telechess CBM 165"]
[Source "ChessBase"]
[SourceDate "2015.03.11"]
[SourceVersion "1"]
[SourceVersionDate "2015.03.11"]
[SourceQuality "1"]
[WhiteTeam "US of America"]
[BlackTeam "France"]
[WhiteTeamCountry "USA"]
[BlackTeamCountry "FRA"]

1. e4 d5 2. exd5 Qxd5 3. Nc3 Qd6 4. d4 Nf6 5. Nf3 a6 6. Bd3 Nc6 7. 0-0 g6 8. Ne5 Bg7 9. Nxc6 bxc6 10. Ne2 c5 11. Bf4 Qb6 12. dxc5 Qxc5 13. Be3 Qe5 14. Bd4 Qd6 15. b4 Ng4 16. g3 0-0 17. Bxg7 Kxg7 18. Be4 Rb8 19. c3 c5 20. a3 a5 21. bxa5 Qc7 22. Qc2 Qxa5 23. Rfd1 c4 24. Nf4 Rb3 25. Nd5 e6 26. Nb4 Qh5 27. h4 g5 28. Rd4 gxh4 29. Bf3 e5 30. Bxg4 Bxg4 31. Rxc4 hxg3 32. Rxg4+ Qxg4 33. Qxb3 Qh3 34. Qa2 Qh2+ 35. Kf1 Rd8 36. fxg3 Qh1+ 37. Kf2 Qh2+ 38. Kf3 Rd2 39. Qxd2 Qxd2 40. Ra2 Qxc3+ 41. Ke4 Kg6 0-1

[Event "IECC Swiss-550.3"]
[Site "IECC email"]
[Date "2011.03.12"]
[Round "?"]
[White "Geib, Steven"]
[Black "Basson, Heinrich"]
[Result "0-1"]
[WhiteElo "1488"]
[BlackElo "1665"]
[PlyCount "44"]
[EventDate "2011.??.??"]
[EventType "swiss (corr)"]
[EventRounds "1"]
[SourceTitle "Telechess CBM 149"]
[Source "ChessBase"]
[SourceDate "2012.07.17"]
[SourceVersion "1"]
[SourceVersionDate "2012.07.17"]
[SourceQuality "1"]
[WhiteTeam "US of America"]
[BlackTeam "South Africa"]
[WhiteTeamCountry "USA"]
[BlackTeamCountry "RSA"]

1. d4 d5 2. Bf4 Nf6 3. Qd3 e6 4. Nc3 Bd6 5. g3 0-0 6. 0-0-0 Na6 7. Nh3 c5 8. e3 Nb4 9. Qe2 cxd4 10. exd4 Bxf4+ 11. Nxf4 Bd7 12. a3 Nc6 13. b4 Qe7 14. Re1 a5 15. Ncxd5 Nxd5 16. Nxd5 Qd6 17. Nc3 axb4 18. Nb5 Qe7 19. d5 bxa3 20. d6 Qf6 21. c3 Nb4 22. Nd4 Rfc8 0-1

[Event "IECG QE.2009.0.00117"]
[Site "IECG email"]
[Date "2009.03.25"]
[Round "1"]
[White "Geib, Steven"]
[Black "Schnoewitz, Brigitte"]
[Result "0-1"]
[WhiteElo "1334"]
[BlackElo "1233"]
[PlyCount "70"]
[EventDate "2009.03.25"]
[EventType "tourn (corr)"]
[EventRounds "6"]
[SourceTitle "Corr 2024"]
[Source "ChessBase"]
[SourceDate "2023.10.19"]
[SourceVersion "1"]
[SourceVersionDate "2023.10.19"]
[SourceQuality "1"]

1. e4 c5 2. Nf3 Nc6 3. d4 cxd4 4. Nxd4 d6 5. Bb5 Bd7 6. 0-0 Nf6 7. Nc3 e6 8. f4 Be7 9. Bxc6 bxc6 10. e5 Nd5 11. Nxd5 cxd5 12. Qd3 0-0 13. Qg3 Kh8 14. b3 Rc8 15. Ba3 Qb6 16. Rfd1 Rfe8 17. Bxd6 Bxd6 18. exd6 Rxc2 19. Qe3 Rcc8 20. a4 Qxd6 21. Nb5 Bxb5 22. axb5 Qb6 23. Qxb6 axb6 24. Ra6 h6 25. Rxb6 Rb8 26. Rxb8 Rxb8 27. Kf2 Rxb5 28. Rb1 Rb4 29. Ke3 g5 30. fxg5 hxg5 31. Kd3 d4 32. Ke4 f6 33. g3 Kg7 34. g4 Kg6 35. h3 f5+ 0-1

[Event "IECC Swiss-537.1"]
[Site "IECC email"]
[Date "2008.09.24"]
[Round "?"]
[White "Geib, Steven"]
[Black "Bearce, Harold L"]
[Result "1-0"]
[WhiteElo "1424"]
[BlackElo "1525"]
[PlyCount "47"]
[EventDate "2008.??.??"]
[EventType "tourn (corr)"]
[EventRounds "1"]
[SourceTitle "Corr 2011"]
[Source "ChessBase"]
[SourceDate "2010.08.31"]
[SourceVersion "1"]
[SourceVersionDate "2010.08.31"]
[SourceQuality "1"]
[WhiteTeam "US of America"]
[BlackTeam "US of America"]
[WhiteTeamCountry "USA"]
[BlackTeamCountry "USA"]

1. e4 c5 2. Nf3 d6 3. Bb5+ Bd7 4. Bxd7+ Qxd7 5. 0-0 Nf6 6. Nc3 g6 7. d3 Bg7 8. e5 dxe5 9. Nxe5 Qc7 10. Re1 0-0 11. Nb5 Qd8 12. c4 e6 13. Qf3 Qc8 14. Nd6 Qc7 15. Qxb7 Qxb7 16. Nxb7 Nbd7 17. Nxd7 Nxd7 18. Be3 Bxb2 19. Rab1 Bd4 20. Bxd4 cxd4 21. f4 Rfe8 22. h4 f6 23. Nd6 e5 24. Nxe8 1-0